Potentiele produktie, bruto- en nettoproduktie van de Nederlandse landbouw /

Bibliographic Details
Main Author: Heemst, H. D. J. van
Other Authors: Keulen, H. van, Stolwijk, H.
Format: Book
Language:Dutch
Published: Wageningen : Centrum voor Landbouwpublikaties en Landbouwdocumentatie, 1978.
Series:Verslagen van landbouwkundige onderzoekingen ; 879.
Subjects:

MARC

Tag First Indicator Second Indicator Subfields
LEADER 00000cam a2200000 a 4500
001 in00000080301
005 20151008060919.0
008 791102s1978 ne a b f00010 dut d
020 |a 9022006816 
035 |a (OCoLC)05639881 
035 |9 AAJ6876AM 
040 |a COF  |c COF  |d TXA  |d UtOrBLW 
041 0 |a dut  |b eng 
043 |a e-ne--- 
049 |a TXAM  |c [1655450] 
090 |a S239  |b .A37 no.879 
100 1 |a Heemst, H. D. J. van. 
245 1 0 |a Potentiele produktie, bruto- en nettoproduktie van de Nederlandse landbouw /  |c H.D.J. van Heemst, H. van Keulen en H. Stolwijk. 
264 1 |a Wageningen :  |b Centrum voor Landbouwpublikaties en Landbouwdocumentatie,  |c 1978. 
300 |a 25 pages :  |b illustrations ;  |c 24 cm. 
336 |a text  |b txt  |2 rdacontent 
337 |a unmediated  |b n  |2 rdamedia 
338 |a volume  |b nc  |2 rdacarrier 
490 1 |a Verslagen van landbouwkundige onderzoekingen ;  |v no. 879 
500 |a Abstract in English. 
504 |a Bibliography: pages 24-25. 
650 0 |a Agricultural productivity  |z Netherlands. 
650 0 |a Agriculture  |x Economic aspects  |z Netherlands  |x Mathematical models. 
700 1 |a Keulen, H. van. 
700 1 |a Stolwijk, H. 
830 0 |a Verslagen van landbouwkundige onderzoekingen ;  |v 879. 
999 |a MARS 
999 f f |s ff3e9b8f-bf57-3ef7-8490-73b0b42d2d6b  |i 82325d01-32c1-3f19-b657-030b82e4be92  |t 0 
952 f f |p ric  |a Texas A&M University  |b Rellis Campus  |c Joint Library Facility  |d Remote Storage  |t 0  |e S239 .A37 no.879  |h Library of Congress classification  |i unmediated -- volume  |m A14806233454 
998 f f |a S239 .A37 no.879  |t 0  |l Remote Storage